000 00729nam a22002777a 4500
001 BR9301176
003 BR-BrBNA
005 20230928093844.0
007 ta
008 230509b bl.||||| |||| 00| 0 por d
040 _aBR-BrBNA
_bpor
_cBiblioteca Nacional de Agricultura
041 _a(Por)
072 _aC10
090 _ C10 BR9301176
100 1 _aArruda, H.P. de
110 1 _aEscola Superior de Agricultura de Lavras, MG (Brasil)
245 1 _aEscola agricola de 1. grau 5. a 8. series
260 3 _aLavras, MG (Brasil):
_c1987.
300 _a21 p.
500 _a15 ref.
650 _aEducacao Agricola
650 _aEscola
650 _aZona Rural
909 _a202309
_bLucia
_c55
_dLucia Elande
942 _cBK
999 _c47523
_d47523